LIBRARY & INFORMATION CENTRE, KCAET, TAVANUR

ONLINE PUBLIC ACCESS CATALOGUE (OPAC)

Reccommendation for pressure grouting of rock foundations in river valley projects IS:6066-1984 / (Record no. 10009)

MARC details
000 -LEADER
fixed length control field 00988cam a2200157ua 4500
041 ## - LANGUAGE CODE
Language code of text/sound track or separate title eng
082 ## - DEWEY DECIMAL CLASSIFICATION NUMBER
Classification number 627.8
Item number IND/RE
245 00 - TITLE STATEMENT
Title Reccommendation for pressure grouting of rock foundations in river valley projects IS:6066-1984 /
250 ## - EDITION STATEMENT
Edition statement 1 /
260 ## - PUBLICATION, DISTRIBUTION, ETC. (IMPRINT)
Place of publication New Delhi :
Name of publisher Indian standards institution ,
Year of publication 1986.
300 ## - PHYSICAL DESCRIPTION
Number of Pages 38 ; .
942 ## - ADDED ENTRY ELEMENTS (KOHA)
Koha item type Books
Holdings
Withdrawn status Lost status Damaged status Home library Current library Date acquired Full call number Accession Number Koha item type
      KAUAET KAUAET 07/04/2012 627.8 17058 Standards
free website counter